000 00478nam a2200205Ia 4500
005 20240823030129.0
008 240823s9999||||xx |||||||||||||| ||und||
020 _a978-81-265-0920-1
041 _aENGLISH
082 _A005.133 P9
100 _aCay Horstmann
245 0 _aBig C++
250 _a1st
260 _c2009
_bWiley India Pv
_aNew Delhi
500 _aYES
650 _aBig C++
_bComputer Science
700 _a Timothy Budd
942 _cBK
999 _c187965
_d187965